Evaluación de la disponibilidad del recurso hídrico en la cuenca alta del Río Tempisque
Kaydedildi:
| Yazar: | |
|---|---|
| Materyal Türü: | Kitap |
| Baskı/Yayın Bilgisi: |
[San José], C.R.
2003
|
| Konular: | |
| Etiketler: |
Etiketle
Etiket eklenmemiş, İlk siz ekleyin!
|
MARC
| LEADER | 00000nam a2200000Ia 4500 | ||
|---|---|---|---|
| 003 | 009170 | ||
| 005 | 20221231144147.0 | ||
| 008 | 140114s2003 cr a m 000 ||s d | ||
| 040 | |c cru CEDI | ||
| 090 | |a TFG 4711 | ||
| 100 | |a Somarriba Lucas, Eduardo |9 6977 | ||
| 245 | |a Evaluación de la disponibilidad del recurso hídrico en la cuenca alta del Río Tempisque | ||
| 260 | |c 2003 |a [San José], C.R. | ||
| 300 | |a 119, [51] hojas : ilustraciones a color, mapas color | ||
| 500 | |a Proyecto de graduación (licenciatura en ingeniería civil)-- Universidad de Costa Rica. Facultad de Ingeniería. Escuela de Ingeniería Civil | ||
| 650 | |x BALANCE HIDRICO (HIDROLOGIA) |x RECURSOS HIDRICOS |x MEDICIONES |x RIO TEMPISQUE (COSTA RICA) |x CUENCAS HIDROGRAFICAS |9 6978 | ||
| 942 | |c TFG | ||
| 999 | |c 17770 |d 17770 | ||
